000 00701nam a22002537a 4500
001 BR7400976
003 BR-BrBNA
005 20230928084540.0
007 ta
008 230509b bl.||||| |||| 00| 0 por d
040 _aBR-BrBNA
_bpor
_cBiblioteca Nacional de Agricultura
041 _a(Por)
072 _aE10
_b0430
_b/G514
090 _ 0430 BR7400976
100 1 _aMartins, R.G.
245 1 _aA lavoura algodoeira, fator do desenvolvimento economico da Bahia [Brasil]
260 3 _aSalvador, BA (Brasil):
_bO Propulsor,
_c1944.
300 _a53 p.
650 _aALGODAO
650 _aBAHIA
650 _aDESENVOLVIMENTO ECONOMICO
909 _a202309
_bLucia
_c55
_dLucia Elande
942 _cBK
999 _c19679
_d19679